• 首页
  • 本馆介绍
  • 公告通知
  • 最新文献
  • 馆藏检索
  • 电子资源
  • 读者导购
  • 参考咨询
  • 我的图书馆
  • 登录
  • 详细信息显示
  • 放入我的书架
  • 预约/预借图书
  • 作者相关作品
  • 分类相关作品
  • 丛书相关作品
  • 出版社相关作品

书目信息

  • 表格格式
  • 工作单格式
  • 卡片格式
题名:
剑桥艺术史
    
 
作者: 谢弗-克兰德尔·安妮 著 ;钱乘旦 译
分册:  
出版信息: 南京   译林出版社  2009
页数: 118页
开本: 24cm
丛书名:
单 册:
中图分类: J110.9
科图分类:
主题词: 艺术史--西方国家 , 艺术史--西方国家--中世纪 , 艺术史 , 艺术--世界 , 美术--世界
电子资源:
ISBN: 978-7-5447-0727-5
000 01310nam0 22003251 45
001 1256804937
005 20120627085753.34
010    @a978-7-5447-0727-5@dCNY23.00
100    @a20120626d2009 em y0chiy50 ea
101 1  @achi@ceng
102    @aCN@b320000
105    @aab z 001yy
106    @ar
200 1  @a剑桥艺术史@AJian Qiao Yi Shu Shi@e中世纪艺术@EZhong Shi Ji Yi Shu@f(英)安妮·谢弗-克兰德尔(Annie Shaver-crandell)著@F( Ying ) An Ni· Xie Fu- Ke Lan De Er (Annie Shaver-crandell) Zhu@g钱乘旦译
210    @a南京@c译林出版社@d2009
215    @a118页@c地图, 图@d24cm
312    @a封面英文题名:The Cambridge introduction to art, The middle ages
330    @a本书展现了中世纪艺术的非凡杰作:从恢宏壮丽的众多教堂,到华彩缤纷的各色挂毯,还有珍贵手稿和彩色玻璃。
510 1  @aCambridge introduction to art@iThe middle ages@zeng
517 1  @a中世纪艺术@AZhong Shi Ji Yi Shu
606 0  @a艺术史@y西方国家
606 0  @a艺术史@y西方国家@z中世纪
606 0  @a艺术史
606 0  @a艺术@x世界
606 0  @a美术@x世界
690    @aJ110.9@v4
701  0 @c(英)@a谢弗-克兰德尔·安妮@AXie Fu- Ke Lan De Er· An Ni@c(Shaver - Crandell, Annie)@4著
702  0 @a钱乘旦@AQian Cheng Dan@4译
801  0 @aCN@b大连网信软件有限公司图书馆·11@c20120627
905    @b0819245-48@dJ110.9@e109:3@f4
    
    剑桥艺术史:中世纪艺术/(英)安妮·谢弗-克兰德尔(Annie Shaver-crandell)著/钱乘旦译.-南京:译林出版社,2009
    118页:地图, 图;24cm
    
    
    ISBN 978-7-5447-0727-5:CNY23.00
    本书展现了中世纪艺术的非凡杰作:从恢宏壮丽的众多教堂,到华彩缤纷的各色挂毯,还有珍贵手稿和彩色玻璃。
●
相关链接 在E读中查询图书 在五车中查询图书 在当当中查询图书 在豆瓣中查询图书


正题名:剑桥艺术史     索取号:J110.9/109:3         预约/预借

序号 登录号 条形码 馆藏地/架位号 状态 备注
1 0819245   208192454   第一样本阅览室/ [索取号:J110.9/109:3] 在馆    
2 0819246   208192463   第一借阅区/ [索取号:J110.9/109:3] 在馆    
3 0819247   208192472   第一借阅区/ [索取号:J110.9/109:3] 在馆    
4 0819248   208192481   第一借阅区/ [索取号:J110.9/109:3] 在馆    
唐山师范学院图书馆 欢迎您!
大连网信软件有限公司© 版权所有